Les 20 meilleurs buteurs de Ligue 1 en activité - Statistiques

Statistiques générales
  • Ce quiz a été pris 5 446 fois
    103 depuis la dernière actualisation
  • Le résultat moyen est 8 sur 20
Statistiques - réponses
Chiffre Réponse Nombre de buts marqués % Correct
1 Kylian Mbappé 191
99%
4 Edinson Cavani 138
90%
3 Alexandre Lacazette 161
78%
20 Moussa Dembélé 56
75%
10 Neymar 82
64%
2 Wissam Ben Yedder 161
54%
6 Florian Thauvin 96
53%
5 André-Pierre Gignac 102
43%
11 Pierre-Emerick Aubameyang 68
34%
15 Memphis Depay 64
29%
12 Ludovic Ajorque 66
24%
7 Gaëtan Laborde 88
23%
8 Jonathan David 87
23%
17 Martin Terrier 60
23%
9 Andy Delort 85
21%
13 Radamel Falcao 65
17%
14 Amine Gouiri 64
14%
19 Habib Diallo 57
13%
16 Rémy Cabella 62
5%
18 Karl Toko-Ekambi 59
2%
Aucun quiz correspondant
Distribution des résultats
% des personnes avec chaque résultat
Percentile par nombre de réponses
Votre historique - résultats
Vous n’avez pas pris ce quiz depuis la dernière actualisation